000
00287nam a2200109Ia 4500
001
1275969
005
20260417160438.0
008
260417s9999 xx 000 0 und d
020
_a
9786256126978
245
0
_a
Merhaba, Ben Filistinli Arkadaşın
_c
Nabila Adani
260
_b
Ketebe Çocuk
999
_c
1275969
_d
1275969